000 00405nam a22001697a 4500
005 20180425115255.0
008 160618b xxu||||| |||| 00| 0 eng d
020 _a81-7629-354-7
041 _aeng
082 _b8101
_a382
100 _aSingh, Jiwitesh Kumar
_92192
245 _aInternational Trade and Business
260 _bDeep and Deep
300 _a293
650 _aManagement
_9241
942 _cBK
999 _c3068
_d3067